| 000 | 00627nab a2200181 4500 | ||
|---|---|---|---|
| 001 | 244442 | ||
| 003 | OSt | ||
| 005 | 20260429121230.0 | ||
| 007 | tu | ||
| 008 | 260429s2020||||||| | ||
| 040 |
_aDE-2950 _cDE-2950 |
||
| 245 | 0 | 0 |
_aZulauf bei Carisatt wächst _bHandel. Frankfurts Carisatt-Laden ist nach einem Umzug wieder offen. Immer mehr Menschen sind auf das Angebot und die Arbeit der Ehrenamtler angewiesen/ _cRené Matschkowiak |
| 264 | _c2026 | ||
| 653 | _aFrankfurt (Oder) | ||
| 653 | _aCarisatt-Laden | ||
| 773 | 0 |
_g37. Jahrgang (2026) Nr. 96 vom 25.04.2026 , S. 17 mit Foto _tMärkische Oderzeitung |
|
| 942 |
_2z _cA |
||
| 999 |
_c374386 _d374386 |
||